00757nam a2200181Ia 4500003000900000008004100009020002600050040001600076100003300092245007600125260003200201300002000233490003300253856010300286942000700389999001700396952016200413IN-BaIIA211028s9999 xx s 000 0 eng d a9780892527366 (Print) cIIA Library aSottini, Stefano, ed.941229 0a1986 European Conf on Optics, Optical Systems and Applicationsh[eBook] aWashington, USAbSPIEc1987 aOnline resource aProceedings of SPIE; V. 0701 uhttps://www.spiedigitallibrary.org/conference-proceedings-of-spie/0701yClick Here to Access eBook cEB c22603d22603 00104070aBANbBANd2011-07-01eSPIEhV. 701l0pEB2063r2021-11-05uhttps://www.spiedigitallibrary.org/conference-proceedings-of-spie/0701w2021-11-05yEB